[Event "Stuttgart-chB op"]
[Site "Ditzingen"]
[Date "2015.05.16"]
[Round "6"]
[White "Pelezki, Sergej"]
[Black "Lang, Thomas1111"]
[Result "1/2-1/2"]
[WhiteElo "1839"]
[BlackElo "1653"]
[PlyCount "41"]
[EventDate "2015.05.17"]
[EventType "swiss"]
[EventRounds "7"]
[EventCountry "GER"]
[SourceTitle "EXT 2018"]
[Source "ChessBase"]
[SourceDate "2017.10.13"]
[SourceVersion "1"]
[SourceVersionDate "2017.10.13"]
[SourceQuality "1"]

1. d4 Nf6 2. c4 g6 3. Nc3 Bg7 4. Nf3 0-0 5. e4 d6 6. Be2 e5 7. d5 Nbd7 8. 0-0 Nc5 9. Qc2 a5 10. Be3 Nfd7 11. Ne1 f5 12. exf5 gxf5 13. f3 f4 14. Bf2 Qg5 15. Ne4 Nxe4 16. fxe4 Nf6 17. Nf3 Qg6 18. Nh4 Qg5 19. Nf3 Qg6 20. Nh4 Qg5 21. Nf3 1/2-1/2